University Home | Library Home | Institutional Repository

The cholera problem. (Record no. 43313)

MARC details
000 -LEADER
fixed length control field 00633cam4a220022900 4500
001 - CONTROL NUMBER
control field qce01254473
005 - DATE AND TIME OF LATEST TRANSACTION
control field 20190813173929.0
008 - FIXED-LENGTH DATA ELEMENTS--GENERAL INFORMATION
fixed length control field 770221s1967 moua b 001 0 eng
010 ## - LIBRARY OF CONGRESS CONTROL NUMBER
LC control number 67026004
035 ## - SYSTEM CONTROL NUMBER
System control number (Sirsi) r67378
035 ## - SYSTEM CONTROL NUMBER
System control number (QCAT)lss01498993
035 ## - SYSTEM CONTROL NUMBER
System control number (UPRA)qce01254473
040 ## - CATALOGING SOURCE
Modifying agency UPRA
050 ## - LIBRARY OF CONGRESS CALL NUMBER
Classification number RC126
Item number .F33
100 1# - MAIN ENTRY--PERSONAL NAME
Personal name Felsenfeld, Oscar.
Linkage A27164.1
245 14 - TITLE STATEMENT
Title The cholera problem.
260 ## - PUBLICATION, DISTRIBUTION, ETC.
Place of publication, distribution, etc. St. Louis :
Name of publisher, distributor, etc. W.H. Green,
Date of publication, distribution, etc. [1967]
504 ## - BIBLIOGRAPHY, ETC. NOTE
Bibliography, etc. note Includes bibliographical references.
650 #0 - SUBJECT ADDED ENTRY--TOPICAL TERM
Topical term or geographic name entry element Cholera.
Linkage S19394.1
949 ## - LOCAL PROCESSING INFORMATION (OCLC)
a RC126
w LC
i -90287
m MEDICAL
t BOOK
l ON-SHELF
Holdings
Withdrawn status Lost status Source of classification or shelving scheme Damaged status Not for loan Home library Current library Shelving location Total Checkouts Full call number Barcode Date last seen Copy number Price effective from Koha item type
    Library of Congress Classification     Medical Library Medical Library On Shelf   RC126 -90287 08/13/2019 1 08/13/2019 Book
© 2026 - The University of Zambia Library - Koha v25.11